00425pab a2200133 454500008004000000100002600040245011300066260000900179300001500188362000800203650002200211700002400233773003400257180718b2009 xxu||||| |||| 00| 0 eng d aRohrschneider, Robert aUnderstanding cleavages in party systems: issue position and issue salience in 13 post-communist democracies c2009 ap.280-313. aJan aPolitical parties aWhitefield, Stephen aComparative Political Studies